000 00512nam a2200193Ia 4500
003 OSt
005 20250128143057.0
008 210716s1997 xx 000 0 und d
020 _a0440223237
040 _cAIMIT LIBRARY
041 _aeng
082 _a808.83
_21
_bSTED
100 _aSteel, Danielle.
_9195853
245 _aMalice /
_cBy Danielle Steel.
250 _a1st ed.
260 _aNew York :
_bDell Publishing Co ;
_c1997.
300 _a406p. ;
_bPB
_c17 cm
942 _2ddc
_cBK
_e1st ed.
_k808.83 STED
999 _c200107
_d200107